Ładuje się......

Tr.

Opis bibliograficzny
1. autor: Elsgolts, L
Kolejni autorzy: Yankovsky, George, Tr
Format: Printed Book
Wydane: Mir Publishers, Moscow 1977
Hasła przedmiotowe:
LEADER 00512nam a2200169 4500
082 |a 515.35 ELS-D;3 
100 |a Elsgolts, L 
245 |a  Tr.  |c L Elsgolts and George Yankovsky 
250
260 |a Mir Publishers, Moscow  |c 1977 
300
490
650 |a Differential equations-- Analysis-- Mathematics 
700 |a Yankovsky, George, Tr. 
942 |c BK 
999 |c 201826  |d 201826 
952 |0 0  |1 0  |4 0  |6 515_350000000000000_ELSD3  |7 0  |9 215175  |a MAT  |b MAT  |l 0  |o 515.35 ELS-D;3  |p MAT2924  |r 2019-11-01  |w 2019-11-01  |y BK